| 000 | 00713nam a2200265Ia 4500 | ||
|---|---|---|---|
| 003 | OSt | ||
| 005 | 20221006150907.0 | ||
| 006 | a|||||r|||| 00| 0 | ||
| 007 | ta | ||
| 008 | 221006b |||||||| |||| 00| 0 jpn d | ||
| 020 | _c¥550 | ||
| 024 | _a20,136 | ||
| 037 |
_bGift, Japan Foundation _cTextual |
||
| 040 |
_aEASL _cEASL _bjpn |
||
| 041 |
_2jpn _ajpn |
||
| 082 | _aW3.42.M67, J8 | ||
| 100 |
_aKIMURA Ki Ed. _9657912 |
||
| 245 | 0 | _aNihon Huken shakai kenkyu shi | |
| 260 |
_aTokyo _bBungado Shoten Japan _c1958 |
||
| 300 |
_a412p. _ccm. |
||
| 490 | _v JL | ||
| 650 | _aJL | ||
| 942 |
_hW3.42.M67, J8 _cTEXL _2CC |
||
| 999 |
_c1088222 _d1088222 |
||